| 000 | 00785nam a2200193 a 4500 | ||
|---|---|---|---|
| 008 | 120416s1982 ||||||||||||||||| || u | ||
| 020 | _a013657825X | ||
| 050 | _aHF 5549 Rob | ||
| 100 | _aRobbins, Stephen P | ||
| 245 | 1 | 0 | _aPersonnel: the management of human resources. (2nd ed.) |
| 250 | _a2nd ed. | ||
| 260 |
_aEnglewood Cliffs, N.J. : _bPrentice-Hall _c1982 |
||
| 300 | _axxiii, 520p. : ill. | ||
| 350 | _a0.00 | ||
| 650 | 0 | _aMANAGEMENT | |
| 650 | 0 | _aPERSONNEL MANAGEMENT | |
| 995 |
_aBINDERY (DAMAGED) _D0.00 _e709284 _FCBU-MAIN LIBRARY (Kitwe) _H2 _I32.25 _jHF 5549 Rob _M1 _UDAMAGED _y006341 _ZMain Library Open Access Collection |
||
| 995 |
_aBINDERY (DAMAGED) _D0.00 _e709285 _FCBU-MAIN LIBRARY (Kitwe) _H1 _I32.25 _jHF 5549 Rob _M2 _UDAMAGED _y020550 _ZMain Library Open Access Collection |
||
| 999 |
_c81834 _d81834 |
||